Central Library, Doon University
WEBOPAC (ONLINE PUBLIC ACCESS CATALOGUE)

Innovation and Entrepreneurship (Record no. 60020)

MARC details
000 -LEADER
fixed length control field 00486nam a22001937a 4500
005 - DATE & TIME
control field 20260121120558.0
008 - FIXED-LENGTH DATA ELEMENTS--GENERAL INFORMATION
fixed length control field 260121b |||||||| |||| 00| 0 eng d
020 ## - ISBN
International Standard Book Number 9789354802164
Price 270.00
040 ## - CATALOGING SOURCE
Original cataloging agency Doon University
041 ## - Language
Language English
082 ## - DDC NUMBER
Classification number 658.002
Book Number SAR
100 ## - MAIN ENTRY--PERSONAL NAME
Personal name Saroj, Kumar
245 ## - TITLE STATEMENT
Title Innovation and Entrepreneurship
260 ## - PUBLICATION, DISTRIBUTION, ETC. (IMPRINT)
Place of publication, distribution, etc Lucknow
Name of publisher, distributor, etc Thakur
Date of publication, distribution, etc 2023
300 ## - PHYSICAL DESCRIPTION
Pages 337
650 ## - Subject
Subject Commerce
700 ## - Added Entry Personal Name
Added Entry Personal Name Chowdhury, Tripti Singh
942 ## - ADDED ENTRY ELEMENTS (KOHA)
Koha item type Books
100 ## - MAIN ENTRY--PERSONAL NAME
-- 25985
700 ## - Added Entry Personal Name
-- 25986
952 ## - LOCATION AND ITEM INFORMATION (KOHA)
-- 2026-01-21
952 ## - LOCATION AND ITEM INFORMATION (KOHA)
-- 2026-01-21
952 ## - LOCATION AND ITEM INFORMATION (KOHA)
-- 2026-01-21
952 ## - LOCATION AND ITEM INFORMATION (KOHA)
-- 2026-01-21
952 ## - LOCATION AND ITEM INFORMATION (KOHA)
-- 2026-01-21
Holdings
Withdrawn status Lost status Source of classification or shelving scheme Damaged status Not for loan Location (home branch) Sublocation or collection (holding branch) Date acquired Koha full call number Accession No. Koha date last seen Koha item type Koha issues (times borrowed)
        Not For Loan Doon University Doon University 21.01.2026 658.002 SAR 51489 21.01.2026 Reference  
          Doon University Doon University 21.01.2026 658.002 SAR 51490 21.01.2026 Books  
          Doon University Doon University 21.01.2026 658.002 SAR 51491 21.01.2026 Books  
          Doon University Doon University 21.01.2026 658.002 SAR 51492 21.01.2026 Books  
          Doon University Doon University 21.01.2026 658.002 SAR 51493 21.01.2026 Books  
Contact : +91-135-2533126 (Library),+91-135-2533105 (Admin Office) , Email : doonlibrary@gmail.com

Powered by Koha